Mapa de Europa y Capitales Examen - Estadísticas

Estadísticas generales
  • Esta prueba ha sido intentada 191 veces
    180 desde el último reinicio
  • La puntuación promedio es 37 de 86
Respuestas en el mapa
Las respuestas están codificadas por una escala verde-roja en el mapa de la prueba según el % correcto abajo.
 
Estadísticas de respuestas
Respuesta % Correcto
Lisboa
65%
Alemania
62%
Londres
60%
Madrid
59%
París
59%
Portugal
59%
España
56%
Amsterdam
55%
Francia
55%
Reino Unido
55%
Dublin
54%
Italia
54%
Rusia
52%
Finlandia
51%
Irlanda
51%
Bruselas
50%
Grecia
50%
Bélgica
49%
Dinamarca
49%
Islandia
49%
Kiev
49%
Moscú
49%
Noruega
49%
Polonia
49%
Ucrania
49%
Albania
48%
Atenas
48%
Austria
48%
Berlín
48%
Suecia
48%
Copenhague
46%
Oslo
46%
Praga
46%
Reikiavik
46%
República Checa
46%
Roma
46%
Suiza
46%
Varsovia
46%
Bielorrusia
45%
Helsinki
45%
Viena
45%
Croacia
44%
Letonia
44%
Países Bajos
44%
Berna
43%
Estocolmo
43%
Estonia
43%
Lituania
43%
Minsk
43%
Eslovaquia
41%
Tallin
41%
Bulgaria
40%
Ciudad del Vaticano
40%
Hungría
40%
Luxemburgo (C)
40%
Rumania
40%
Serbia
39%
Zagreb
39%
Bratislava
38%
Bucarest
38%
Moldavia
38%
San Marino
38%
Budapest
37%
Macedonia
del Norte
37%
Mónaco
37%
Riga
37%
Tirana
37%
Bosnia y Herzegovina
35%
Eslovenia
35%
Montenegro
35%
Sarajevo
35%
Sofía
35%
Kosovo
34%
Luxemburgo
34%
Vilna
34%
Chisináu
33%
Malta
33%
Belgrado
32%
Liechtenstein, Vaduz
32%
Skopie
32%
Podgorica
30%
La Valetta
29%
Liubliana
28%
Pristina
28%
Andorra la vieja
23%
Andorra
17%
No se encontraron pruebas coincidentes
Distribución de puntuación
Porcentaje de gente con cada puntuación
Porcentaje por número respondido
Historial de tus puntuaciones
No has intentado esta prueba desde el último reinicio